000 00933nam0a2200301 4500
001 RU\NLR\bibl\986366
005 20250614220049.0
010 _a5-05-006408-2
_950000
021 _aRU
_b2006-50155
_92478
035 _a(NLR Aleph) 000974228
090 _a418506
_c418506
100 _a20060920d2006 |||y0rusy50 ca
101 1 _arus
_ceng
102 _aRU
105 _ay |||||||||
200 1 _aНаследство с условием
_eроман
_fБронуин Джеймсон
_gпер. с англ. [М. Яковлевой]
210 _aМосква
_cРадуга
_d2006
215 _a142, [1] с.
_d17
225 1 _aЛюбовный роман
225 1 _aHARLEQUIN
686 _aШ6(7США)67-440.4{Лх1979-50}
700 1 _aДжеймсон
_bБ.
_gБронуин
_4070
801 0 _aRU
_bNLR
_c20060920
_grcr
801 1 _aRU
_bNLR
_c20060920
942 _cBOOK
980 _aNB